Bridge to City - Picture Quiz - Statistics

General Stats
  • This quiz has been taken 67 times
    50 since last reset
  • The average score is 6 of 15
Answer Stats
Picture Hint Answer % Correct
London
100%
Venice
88%
San Francisco
83%
New York
73%
Singapore
48%
Prague
46%
Amsterdam
40%
Sydney
40%
Mostar
35%
on Lake Ponchartrain New Orleans
27%
Edinburgh
21%
Lucerne
19%
Istanbul
8%
Auckland
4%
Melbourne
4%
No matching quizzes found
Score Distribution
Percent of People with Each Score
Percentile by Number Answered
Your Score History
You have not taken this quiz since the last reset